Poradce '97

Guardado en:
Detalles Bibliográficos
Formato: Seriadas
Lenguaje:checo
Publicado: Havířov Poradce 1997
Etiquetas: Agregar Etiqueta
Sin Etiquetas, Sea el primero en etiquetar este registro!

MARC

LEADER 00000nas2a2200000 4500
001 s121808
005 20250617075957.5
022 |a 1211-2437 
041 0 |a cze 
044 |a CZ 
245 1 0 |a Poradce '97 
264 1 |a Havířov  |b Poradce  |c 1997 
300 |a 2 zv.